Аналитическое исследование новых ударных систем, позволяющих управлять амплитудой и длительностью импульса: [монография]

Manylion Llyfryddiaeth
Prif Awdur: Сердечный А. С. Александр Семенович
Crynodeb:В монографии приведены: классификация механизмов с различными ударными системами; анализ конструкций механизмов; новые конструкции ударных механизмов с использованием твердого тела и жидкости. Аналитически исследованы новые механизмы с ударными системами, позволяющими управлять амплитудой и длительностью ударного импульса. Расчетным и опытным путем получены новые закономерности, происходящие в жидкости; инженерные методики расчета основных параметров новых пневматических механизмов и резьбовых соединений; новые испытательные стенды и измерительная аппаратура для исследования сложных ударных систем с элементами различной жесткости.
Iaith:Rwseg
Cyhoeddwyd: Комсомольск-на-Амуре, Изд-во КнАГТУ, 2015
Pynciau:
Fformat: Llyfr
KOHA link:https://koha.lib.tpu.ru/cgi-bin/koha/opac-detail.pl?biblionumber=342929

MARC

LEADER 00000nam0a2200000 4500
001 342929
005 20231102005514.0
010 |a 9785776510779 
035 |a (RuTPU)RU\TPU\book\372440 
090 |a 342929 
100 |a 20190517d2015 k y0rusy50 ca 
101 0 |a rus 
102 |a RU 
105 |a a z 001zy 
200 1 |a Аналитическое исследование новых ударных систем, позволяющих управлять амплитудой и длительностью импульса  |e [монография]  |f А. С. Сердечный 
210 |a Комсомольск-на-Амуре  |c Изд-во КнАГТУ  |d 2015 
215 |a 214 с.  |c ил. 
320 |a Библиогр.: с. 204-209 
330 |a В монографии приведены: классификация механизмов с различными ударными системами; анализ конструкций механизмов; новые конструкции ударных механизмов с использованием твердого тела и жидкости. Аналитически исследованы новые механизмы с ударными системами, позволяющими управлять амплитудой и длительностью ударного импульса. Расчетным и опытным путем получены новые закономерности, происходящие в жидкости; инженерные методики расчета основных параметров новых пневматических механизмов и резьбовых соединений; новые испытательные стенды и измерительная аппаратура для исследования сложных ударных систем с элементами различной жесткости. 
606 1 |a Машины ударного действия  |2 stltpush  |3 (RuTPU)RU\TPU\subj\41754  |9 61540 
610 1 |a ударные системы 
610 1 |a ударные механизмы 
610 1 |a аналитические исследования 
610 1 |a экспериментальные исследования 
610 1 |a пневматические ударные машины 
610 1 |a параметры 
610 1 |a буровые штанги 
610 1 |a резьбовые соединения 
610 1 |a напряжения 
610 1 |a предельное напряженное состояние 
610 1 |a крутящий момент 
610 1 |a осевое усилие подачи 
610 1 |a двойное соударение тел 
610 1 |a одновременное действие 
610 1 |a скважины малого диаметра 
610 1 |a бурение 
610 1 |a вращательно-ударное бурение 
610 1 |a ударные нагрузки 
610 1 |a монографии 
675 |a 62-867  |v 4 
700 1 |a Сердечный  |b А. С.  |g Александр Семенович 
801 1 |a RU  |b 63413507  |c 20190517 
801 2 |a RU  |b 63413507  |c 20190607  |g RCR 
942 |c BK